| 000 | 00949nam a2200265Ia 4500 | ||
|---|---|---|---|
| 003 | GCL | ||
| 008 | 140319s9999 xx 000 0 ara d | ||
| 020 | _a3253281977 | ||
| 040 |
_aGCL / _cGCL |
||
| 082 | 0 | 4 |
_a602 _bم ت |
| 100 | 1 | _aمحمد اديب رياض غنيمى | |
| 245 | 1 | 0 |
_aالتطور التكنولوجى فى مصر : _bالآفاق و الامكانات المستقبلية حتى عام 2020 / _cمحمد اديب رياض غنيمى |
| 250 | _aالاولى | ||
| 260 |
_aالقاهرة : _bالمكتبة الاكاديمية ، _c2004 |
||
| 300 |
_a534 ص ؛ _c24 سم |
||
| 650 | 0 | 4 | _aالفضاء |
| 650 | 0 | 4 | _aالادوية |
| 650 | 0 | 4 | _aالهندسة الوراثية |
| 650 | 0 | 4 | _aالاقمار الصناعية |
| 650 | 0 | 4 | _aالتكنولوجيا والدولة |
| 650 | 0 | 4 | _aالمجموعة الشمسية |
| 650 | 0 | 4 | _aليزر , اشعة |
| 650 | 0 | 4 | _aالتعليم - تطوير |
| 942 |
_2ddc _cBK |
||
| 999 |
_c6859 _d6859 |
||